Comentários à convenção americana sobre direitos humanos: (Record no. 611)

MARC details
000 -LÍDER
Campo Fixo de Controle 00901nam a2200277 a 4500
001 - NÚMERO DE CONTROLE
Campo de Controle 611
003 - IDENTIFICAÇÃO DO NÚMERO DE CONTROLE
Campo de Controle BR-CuiBMT
005 - DATA E HORA DA ÚLTIMA ATUALIZAÇÃO
Campo de Controle 20231129144401.0
008 - DADOS FIXOS
Dados Fixos 231110s2008 spb 000 0 por d
020 ## - INTERNATIONAL STANDARD BOOK NUMBER
Nº do ISBN 9788520332931
040 ## - AGÊNCIA CATALOGADORA
Código da Agência Catalogadora BR-CuiBMT
Agência que transcreveu o registro BR-CuiBMT
080 ## - Nº DA CLASSIFICAÇÃO DECIMAL UNIVERSAL
Nº edição CDU 2007
Nº Class. CDU 343.2/.7
090 ## - NÚMERO DE CHAMADA
Nº classificação 343.2/.7
Cutter G633c
100 1# - ENTRADA PRINCIPAL -- AUTOR PESSOAL
Nome pessoal Gomes, Luiz Flávio
Datas associadas ao nome 1958-
245 10 - TÍTULO PRINCIPAL
Título principal Comentários à convenção americana sobre direitos humanos:
Subtítulo pacto de San José da Costa Rica /
Indicação de responsabilidade Luiz Flávio Gomes, Valerio de Oliveira Mazzuoli.
260 ## - PUBLICAÇÃO, DISTRIBUIÇÃO, ETC.
Local de publicação São Paulo :
Editora Revista dos Tribunais,
Data 2008.
300 ## - DESCRIÇÃO FÍSICA
N. páginas ou volumes 320 p. ;
Dimensões 25 cm
490 1# - INDICAÇÃO DE SÉRIE
Título da série Coleção direito penal ;
Volume/designação sequencial da série v. 4
504 ## - NOTA DE BIBLIOGRAFIA, ETC.
Nota de bibliografia inclui bibliografia.
650 ## - ASSUNTO TÓPICO
Cabeçalho tópico ou nome geográfico Direitos Humanos
650 ## - ASSUNTO TÓPICO
Cabeçalho tópico ou nome geográfico Direito internacional
650 ## - ASSUNTO TÓPICO
Cabeçalho tópico ou nome geográfico Processo penal
700 1# - ENTRADA SECUNDÁRIA -- NOME PESSOAL
Nome pessoal Mazzuoli, Valerio de Oliveira,
Datas associadas ao nome 1977-
830 #0 - ENTRADA SECUNDÁRIA DE SÉRIE -- TÍTULO UNIFORME
Título uniforme Direito penal ;
Nº do volume/designação sequencial da série 4
942 ## - ELEMENTOS DE ENTRADA ADICIONAIS (KOHA)
Fonte de classificação ou esquema de arquivamento Classificação Decimal Universal
Tipo de item do Koha Livros
Holdings
Estado: removido Estado: perdido Fonte de classificação ou esquema de arquivamento Estado: danificado Indisponível para empréstimo Localização permanente Localização atual Data de aquisição Total Checkouts Número de Chamada completo Código de barras Date last seen Número do exemplar Preço efetivo a partir de Tipo de item (Koha)
    Classificação Decimal Universal     Biblioteca da Escola Superior de Contas do TCE/MT Biblioteca da Escola Superior de Contas do TCE/MT 23/09/2023   343.2/.7 G633c BIBTCEMT23110430 10/11/2023 Ex. 1 10/11/2023 Livros

Powered by Koha